The historians' history of the world in twenty-five volumes, volume XV -GERMANIC EMPIRES (Concluded) / (Record no. 617307)
[ view plain ]
| 000 -LEADER | |
|---|---|
| fixed length control field | 00468nam a22001457a 4500 |
| 020 ## - INTERNATIONAL STANDARD BOOK NUMBER | |
| Qualifying information | HB. |
| 040 ## - CATALOGING SOURCE | |
| Transcribing agency | FIZZA ISHAQ |
| 082 ## - DEWEY DECIMAL CLASSIFICATION NUMBER | |
| Classification number | 909 |
| Author Mark | WIL |
| 100 ## - MAIN ENTRY--PERSONAL NAME | |
| Personal name | Williams , Henry Smith. |
| 9 (RLIN) | 134324 |
| 245 ## - TITLE STATEMENT | |
| Title | The historians' history of the world in twenty-five volumes, volume XV -GERMANIC EMPIRES (Concluded) / |
| Statement of responsibility, etc. | Henry Smith Williams. |
| 250 ## - EDITION STATEMENT | |
| Edition statement | volume XV. |
| 260 ## - PUBLICATION, DISTRIBUTION, ETC. | |
| Place of publication, distribution, etc. | New York: |
| Name of publisher, distributor, etc. | The Outlook, |
| Date of publication, distribution, etc. | 1904. |
| 300 ## - PHYSICAL DESCRIPTION | |
| Extent | xii ; 662 P. ; ill . ; |
| Dimensions | 27 cm |
| 942 ## - ADDED ENTRY ELEMENTS (KOHA) | |
| Source of classification or shelving scheme | |
| Koha item type | Book |
| Withdrawn status | Lost status | Source of classification or shelving scheme | Damaged status | Not for loan | Permanent Location | Current Location | Shelving location | Date acquired | Total Checkouts | Full call number | Barcode | Date last seen | Price effective from | Koha item type |
|---|---|---|---|---|---|---|---|---|---|---|---|---|---|---|
| NUST Baluchistan Campus (NBC) | NUST Baluchistan Campus (NBC) | Reference | 05/05/2026 | 909 WIL | QD-354 | 05/05/2026 | 05/05/2026 | Book |
